Criminalización de la protesta y de los movimientos sociales /
El libro da cuenta de un seminario internacional sobre los mecanismos de represión y de resistencia por parte de las comunidades locales ante la criminalización de los movimientos sociales, y su relación con la implementación del modelo neoliberal y el impacto de dicha criminalización en el desarrol...
Guardat en:
| Autor principal: | |
|---|---|
| Altres autors: | |
| Format: | Text |
| Publicat: |
Sao Paulo:
Instituro Rosa Luxemburg Stiftung. Rede Social de Justica e Direitos Humanos
|
| Matèries: | |
| Etiquetes: |
Afegir etiqueta
Sense etiquetes, Sigues el primer a etiquetar aquest registre!
|
MARC
| LEADER | 00000 a a2200000 04500 | ||
|---|---|---|---|
| 001 | 39592 | ||
| 003 | |||
| 040 | |||
| 090 | |a 0007 B931c | ||
| 100 | |a Buhl, Kathrin | ||
| 245 | |a Criminalización de la protesta y de los movimientos sociales / |c Kathrin Buhl | ||
| 260 | |a Sao Paulo: |b Instituro Rosa Luxemburg Stiftung. Rede Social de Justica e Direitos Humanos | ||
| 300 | |a 256 p. |b il. | ||
| 520 | |a El libro da cuenta de un seminario internacional sobre los mecanismos de represión y de resistencia por parte de las comunidades locales ante la criminalización de los movimientos sociales, y su relación con la implementación del modelo neoliberal y el impacto de dicha criminalización en el desarrollo de la lucha social en la actualidad de América Latina | ||
| 650 | |a MOVIMIENTOS SOCIALES | ||
| 650 | |a REPRESION | ||
| 650 | |a ASPECTOS JURIDICOS | ||
| 650 | |a ACCION COLECTIVA | ||
| 650 | |a AMERICA LATINA | ||
| 650 | |a POLITICA ECONOMICA | ||
| 700 | |a org. |a Korol, Claudia |a org. | ||
| 999 | |c 14374 |d 14374 | ||
